000 00706nam a2200265Ia 4500
005 20260121171108.0
008 008 260114s9999 xx 000 0 eng d
020 _a9781137475299
037 _aEBOOK
040 _aCRL
040 _beng
040 _cCRL
041 _2eng
041 _aeng
084 _qCRL
100 _aG. Harcourt, Peter Kriesler, Joseph Halevi, John Nevile
_91071965
245 0 _aPost-Keynesian Essays from Down Under Volume IV: Essays on Theory
260 _bSpringer
260 _bSpringer
260 _c2016
856 _uhttps://link.springer.com/openurl?genre=book&isbn=978-1-137-47529-9
942 _cEBOOK
999 _c1637695
_d1637695